Statistiques concernant Gares les plus fréquentées en Grand-Est

Cliquez ici pour prendre le quiz!

Statistiques générales

  • Ce quiz a été pris 438 fois
    (348 depuis la dernière actualisation)
  • Le résultat moyen est 15 sur 29

Statistiques - réponses

Voyageurs (2017)Gare% Correct
19,423,000Strasbourg
100%
7,096,000Metz Ville
97%
7,605,000Nancy
97%
4,967,000Mulhouse
96%
3,871,000Colmar
93%
3,795,000Reims
92%
1,092,000Epinal
81%
2,976,000Thionville
76%
1,017,000Troyes
75%
1,058,000Charleville-Mézières
72%
807,000Châlons-en-Champagne
69%
2,217,000Sélestat
58%
915,000Lunéville
57%
1,656,000Haguenau
55%
759,000Epernay
45%
643,000Lorraine TGV
44%
1,204,000Saverne
42%
720,000Sarrebourg
40%
1,190,000Saint-Louis
39%
786,000Champagne-Ardenne TGV
30%
1,604,000Molsheim
25%
971,000Pont-à-Mousson
25%
564,000Longwy
23%
633,000Obernai
15%
1,070,000Hagondange
11%
525,000Erstein
8%
565,000Brumath
6%
578,000Bischwiller
3%
532,000Hettange-Grande
1%

Distribution des résultats

Percentile par nombre de réponses

% des personnes avec chaque résultat

Votre développement - résultats

Vous n’avez pas pris ce quiz depuis la dernière actualisation